Investigating chemistry : (Record no. 2637)
[ view plain ]
| 000 -LEADER | |
|---|---|
| fixed length control field | 00846cam a22002294a 4500 |
| 001 - CONTROL NUMBER | |
| control field | 14235414 |
| 005 - DATE AND TIME OF LATEST TRANSACTION | |
| control field | 20250117140945.0 |
| 008 - FIXED-LENGTH DATA ELEMENTS--GENERAL INFORMATION | |
| fixed length control field | 060119s2007 nyua 001 0 eng |
| 020 ## - INTERNATIONAL STANDARD BOOK NUMBER | |
| International Standard Book Number | 9780716764335 |
| 050 00 - LIBRARY OF CONGRESS CALL NUMBER | |
| Classification number | QV8073 |
| Item number | .J58 2006 |
| 082 00 - DEWEY DECIMAL CLASSIFICATION NUMBER | |
| Classification number | 363.25/62 |
| Edition information | 22 |
| 100 1# - MAIN ENTRY--PERSONAL NAME | |
| Personal name | Johll, Matthew E. |
| 245 10 - TITLE STATEMENT | |
| Title | Investigating chemistry : |
| Remainder of title | a forensic science perspective / |
| Statement of responsibility, etc. | Matthew E. Johll. |
| 260 ## - PUBLICATION, DISTRIBUTION, ETC. | |
| Place of publication, distribution, etc. | New York : |
| Name of publisher, distributor, etc. | W.H. Freeman and Company |
| Date of publication, distribution, etc. | c2007. |
| 300 ## - PHYSICAL DESCRIPTION | |
| Extent | xviii, 458 p. : |
| Other physical details | ill. (chiefly col.) ; |
| Dimensions | 26 cm. |
| 500 ## - GENERAL NOTE | |
| General note | Includes index. |
| 650 #0 - SUBJECT ADDED ENTRY--TOPICAL TERM | |
| Topical term or geographic name entry element | Chemistry, Forensic. |
| 650 #0 - SUBJECT ADDED ENTRY--TOPICAL TERM | |
| Topical term or geographic name entry element | Criminal investigation. |
| 856 42 - ELECTRONIC LOCATION AND ACCESS | |
| Materials specified | Publisher description |
| Uniform Resource Identifier | <a href="http://www.loc.gov/catdir/enhancements/fy0809/2006040036-d.html">http://www.loc.gov/catdir/enhancements/fy0809/2006040036-d.html</a> |
| 856 41 - ELECTRONIC LOCATION AND ACCESS | |
| Materials specified | Table of contents only |
| Uniform Resource Identifier | <a href="http://www.loc.gov/catdir/enhancements/fy0809/2006040036-t.html">http://www.loc.gov/catdir/enhancements/fy0809/2006040036-t.html</a> |
| 942 ## - ADDED ENTRY ELEMENTS (KOHA) | |
| Source of classification or shelving scheme | Library of Congress Classification |
| Koha item type | Books |
| Suppress in OPAC | No |
| 999 ## - | |
| -- | 2637 |
| -- | 2637 |
| Withdrawn status | Lost status | Source of classification or shelving scheme | Damaged status | Not for loan | Collection | Home library | Current library | Shelving location | Date acquired | Total checkouts | Full call number | Barcode | Date last seen | Copy number | Price effective from | Koha item type |
|---|---|---|---|---|---|---|---|---|---|---|---|---|---|---|---|---|
| Library of Congress Classification | Non-fiction | Science Library (Miotso) | Science Library (Miotso) | General stacks | 01/17/2025 | QV8073 .J58 JOH | SLM00001941 | 01/17/2025 | 1 | 01/17/2025 | Books |